Chicken Cooking Picture Glossary Quiz Stats

 Plays Quiz not verified by Sporcle

Support Sporcle.
Go Orange.
Score 0/15 Timer 03:00
0 Plays Today
% Correct
Diced
96.5%
Shredded
95.2%
Steamed
94.8%
Rotisserie
93.7%
Creamed
93.3%
Flambé
93%
Ground
92.7%
Basted
88.6%
% Correct
Sautéed
87.9%
Breaded
86.9%
Barbecued
85.9%
Trussed
84.8%
Spatchcocked
73.4%
Grilled
72.4%
Deep-Fried
71.9%

You're not logged in!

Compare scores with friends on all Sporcle quizzes.
OR
Log In

From the Vault

Movie by Scenery III

by Larryholmes79

Action and dialogue in movies are great, but every now and then you have to stop and smell the flowers.
Remove Ads.
Support Sporcle.
Get the best of Sporcle when you Go Orange. This ad-free experience offers more features, more stats, and more fun while also helping to support Sporcle. Thank you for becoming a member.

Show Comments

Extras

Top Quizzes Today


Score Distribution

Your Account Isn't Verified!

In order to create a playlist on Sporcle, you need to verify the email address you used during registration. Go to your Sporcle Settings to finish the process.

Report this User

Report this user for behavior that violates our Community Guidelines.

Details: